000 00783cam a2200325 4500
008 090401t1990 xxu||||| |||| 00| 0 eng d
020 _a0415048036
035 _a(Sirsi) u45558
041 _aeng
050 _a333.332026
100 _aBaum, Andrew
245 _aStatutory valuations
250 _a2nd ed.
260 _aLondon
_bRoutledge
_c1990
300 _axxxv,300p. ; 22cm.
350 _a45
650 _aACCESS
650 _aCOMPENSATION
650 _aCompulsory purchase
_96228
650 _aLANDLORD AND TENANT
_96252
650 _aLEASES
650 _aRENT ACTS
650 _aRENT REVIEWS
650 _aSTOKES PRINCIPLE
650 _aSTOKES V CAMBRIDGE
650 _aValuation
_96273
700 _aSams, Gary
942 _n0
948 _c04/03/1997
999 _c91762
_d91762